• 首页
  • 本馆介绍
  • 公告通知
  • 最新文献
  • 馆藏检索
  • 电子资源
  • 读者导购
  • 参考咨询
  • 我的图书馆
  • 登录
  • 详细信息显示
  • 放入我的书架
  • 预约/预借图书
  • 作者相关作品
  • 分类相关作品
  • 丛书相关作品
  • 出版社相关作品

书目信息

  • 表格格式
  • 工作单格式
  • 卡片格式
题名:
梦里的香格里拉
    
 
作者: 杨旭东 著
分册:   转山冈仁波齐
出版信息: 北京   中国林业出版社  2015
页数: 303页
开本: 23cm
丛书名:
单 册:
中图分类: I267 , J421.8
科图分类:
主题词: 散文集--san wen ji--中国--当代 , 摄影集--she ying ji--中国--现代
电子资源:
ISBN: 978-7-5038-8064-3
000 00906nam0 22002651 450
001 1752537344
005 20170602161234.0
010    @a978-7-5038-8064-3@dCNY78.00
100    @a20151020d2015 em y0chiy50 ea
101 0  @achi
102    @aCN@b110000
105    @aa z 000cy
106    @ar
200 1  @a梦里的香格里拉@Ameng li de xiang ge li la@i转山冈仁波齐@f杨旭东著
210    @a北京@c中国林业出版社@d2015
215    @a303页@d23cm
330    @a杨旭东编著的《转山冈仁波齐(梦里的香格里拉) 》分50节内容记述了作者去西藏冈仁波齐转山的一次旅行。书中内容视角独特,语言真诚、朴素、诙谐。
517 1  @a转山冈仁波齐@Azhuai shan gang ren bo qi
606 0  @a散文集@Asan wen ji@y中国@z当代
606 0  @a摄影集@Ashe ying ji@y中国@z现代
690    @aI267@v5
690    @aJ421.8@v5
701  0 @a杨旭东@Ayang xu dong@f(1969~)@4著
801  0 @aCN@bTANG WEI@c20170527
905    @b0971113-7@dI267@e2376@f5
    
    梦里的香格里拉.转山冈仁波齐/杨旭东著.-北京:中国林业出版社,2015
    303页;23cm
    
    
    ISBN 978-7-5038-8064-3:CNY78.00
    杨旭东编著的《转山冈仁波齐(梦里的香格里拉) 》分50节内容记述了作者去西藏冈仁波齐转山的一次旅行。书中内容视角独特,语言真诚、朴素、诙谐。
●
相关链接 在E读中查询图书 在五车中查询图书 在当当中查询图书 在豆瓣中查询图书


正题名:梦里的香格里拉     索取号:I267/2376         预约/预借

序号 登录号 条形码 馆藏地/架位号 状态 备注
1 0971113   209711132   第一样本阅览室/ [索取号:I267/2376] 在馆    
2 0971114   209711141   第二借阅区/ [索取号:I267/2376] 在馆    
3 0971115   209711150   第二借阅区/ [索取号:I267/2376] 在馆    
4 0971116   209711169   第二借阅区/ [索取号:I267/2376] 在馆    
5 0971117   209711178   第二借阅区/ [索取号:I267/2376] 在馆    
唐山师范学院图书馆 欢迎您!
大连网信软件有限公司© 版权所有